ბათუმის შოთა რუსთაველის სახელმწიფო უნივერსიტეტის ბიბლიოთეკა

Textlinguistik: (ბიბ.ჩანაწერი № 61306)

000 -LEADER
fixed length control field 00697nam a22002057a 4500
005 - DATE AND TIME OF LATEST TRANSACTION
control field 20240201160538.0
008 - FIXED-LENGTH DATA ELEMENTS--GENERAL INFORMATION
fixed length control field 240201s2019 gw ||||| |||| 00| 0 ger d
020 ## - INTERNATIONAL STANDARD BOOK NUMBER
International Standard Book Number 9783823382201 X
041 ## - LANGUAGE CODE
Language code of text/sound track or separate title ger
080 ## - UNIVERSAL DECIMAL CLASSIFICATION NUMBER
Universal Decimal Classification number 81+811.112.1T-42
245 ## - TITLE STATEMENT
Title Textlinguistik:
Remainder of title 15 Einführungen und eine Diskussion : (narr studienbücher) /
Statement of responsibility, etc. Nina Janich, Hrsg
250 ## - EDITION STATEMENT
Edition statement 2 Auflage
264 ## - PRODUCTION, PUBLICATION, DISTRIBUTION, MANUFACTURE, AND COPYRIGHT NOTICE
Place of production, publication, distribution, manufacture Tubingen:
Name of producer, publisher, distributor, manufacturer Narr,
Date of production, publication, distribution, manufacture, or copyright notice 2019.
300 ## - PHYSICAL DESCRIPTION
Extent 410 p;
Other physical details 23 cm.
653 ## - INDEX TERM--UNCONTROLLED
keyword Textlinguistik
653 ## - INDEX TERM--UNCONTROLLED
keyword ტექსტის ლინგვისტიკა
653 ## - INDEX TERM--UNCONTROLLED
keyword გერმანული ენა
700 ## - ADDED ENTRY--PERSONAL NAME
Personal name Janich, Nina
Relator term რედაქტორი
9 (RLIN) 21174
942 ## - ADDED ENTRY ELEMENTS (KOHA)
Source of classification or shelving scheme
Koha item type წიგნი
ეგზემპლარები
Withdrawn status Lost status Source of classification or shelving scheme Damaged status Not for loan Permanent Location Current Location Shelving location Date acquired Cost, normal purchase price Full call number Barcode Date last seen Copy number Price effective from Koha item type Public note
          ბათუმის შოთა რუსთაველის სახელმწიფო უნივერსიტეტის მთავარი ბიბლიოთეკა ბათუმის შოთა რუსთაველის სახელმწიფო უნივერსიტეტის მთავარი ბიბლიოთეკა წიგნსაცავი 2024-02-01 159.00 81+811.112.1T-42 67223 2024-02-01 67223 2024-02-01 წიგნი 159.00
          ბათუმის შოთა რუსთაველის სახელმწიფო უნივერსიტეტის მთავარი ბიბლიოთეკა ბათუმის შოთა რუსთაველის სახელმწიფო უნივერსიტეტის მთავარი ბიბლიოთეკა წიგნსაცავი 2024-02-01 159.00 81+811.112.1T-42 67224 2024-02-01 67224 2024-02-01 წიგნი 159.00
          ბათუმის შოთა რუსთაველის სახელმწიფო უნივერსიტეტის მთავარი ბიბლიოთეკა ბათუმის შოთა რუსთაველის სახელმწიფო უნივერსიტეტის მთავარი ბიბლიოთეკა წიგნსაცავი 2024-07-23 204.00 81+811.112.1T-42 68823 2024-07-23 68823 2024-07-23 წიგნი 204.00